Constitución española
Gespeichert in:
| 1. Verfasser: | |
|---|---|
| Format: | Buch |
| Sprache: | Spanisch |
| Veröffentlicht: |
Madrid
Trivium
1986
|
| Ausgabe: | 4a. ed |
| Schlagworte: | |
| Tags: |
Tag hinzufügen
Keine Tags, Fügen Sie den ersten Tag hinzu!
|
MARC
| LEADER | 00000nam a2200000 a 4500 | ||
|---|---|---|---|
| 001 | UCL2925 | ||
| 003 | CL-VaPUC | ||
| 008 | 031107e19860000SP |||||||||||||||||spa|d | ||
| 020 | |a 8486440300 | ||
| 082 | 0 | 4 | |a 342.46 |b RIC |2 21 |
| 100 | 0 | |a Rico-Pérez, Francisco |e author |9 480130 | |
| 245 | 1 | 0 | |a Constitución española |
| 250 | |a 4a. ed | ||
| 300 | |a 156 p | ||
| 942 | |c BK | ||
| 945 | |d 20031107 00:00:00 |a cmena | ||
| 260 | |a Madrid |b Trivium |c 1986 | ||
| 650 | 7 | |a DERECHO CONSTITUCIONAL ESPAÑOL |2 CL-VaPUC |9 435214 | |
| 650 | 0 | |a Estado y derecho |9 255403 | |
| 650 | 0 | |a Poder judicial |9 254871 | |
| 651 | 0 | |a España |9 254926 | |
| 583 | |a last modification |c 20031107 00:00:00 |k Rodrigo Vera | ||
| 999 | |c 306091 |d 306089 | ||
| 952 | |0 0 |1 0 |4 0 |6 342_460000000000000_RIC_1986 |7 0 |8 A |9 370809 |a BIBDER |b BIBDER |d 2019-11-21 |i 3927911 |o 342.46 RIC 1986 |p 3927911 |r 2023-01-25 |w 2019-11-21 |y BK |k DER | ||